Policy for the support of creative economy

Politika podpory kreatívnej ekonomiky. Britský pohľad na kreatívny priemysel. Fínsko v sektore kreatívneho priemyslu. Všeobecné a špecifické podmienky podpory vývoja kreatívnej ekonomiky.

Gespeichert in:
Bibliographische Detailangaben
1. Verfasser: Tvrdoň, Jozef
Weitere Verfasser: Belvončíková, Eva, 1975-
Format: Buchkapitel
Sprache:Englisch
Schlagworte:
Tags: Tag hinzufügen
Keine Tags, Fügen Sie das erste Tag hinzu!

MARC

LEADER 00000naa a2200000 4500
001 0177212
005 20251128085039.2
041 0 |a eng 
044 |a SK 
245 1 0 |a Policy for the support of creative economy  |c Jozef Tvrdoň, Eva Belvončíková 
520 |a Politika podpory kreatívnej ekonomiky. Britský pohľad na kreatívny priemysel. Fínsko v sektore kreatívneho priemyslu. Všeobecné a špecifické podmienky podpory vývoja kreatívnej ekonomiky. 
610 2 0 |a ekonomika kreatívna 
610 2 0 |a podpory 
610 2 0 |a politika 
610 2 0 |a podpora podnikania 
100 1 |a Tvrdoň, Jozef 
700 1 |a Belvončíková, Eva, 1975-